| 000 | 00987nam a2200169 a 4500 | ||
|---|---|---|---|
| 001 | 000044677 | ||
| 005 | 20201002045540.0 | ||
| 008 | 141216s2011 dr 000 0 spa d | ||
| 020 | _a9789945477047 | ||
| 040 |
_aDO-SdBNP _bspa _cBNPHU |
||
| 082 |
_axxxx _bxxxx |
||
| 110 | 1 |
_aRepública Dominicana. _bSuprema Corte de Justicia _97906 |
|
| 245 | 1 | 0 |
_aManual operativo : _bobservatorio de justicia y género del Poder Judicial Dominicano (P.J.G.). |
| 260 |
_aSanto Domingo : _bSuprema Corte de Justicia, _c2011. |
||
| 300 |
_a32 p. ; _c21 cm. |
||
| 505 | 0 |
_aMisión.-- _tVisión.-- _tObjetivo general.-- _tObjetivo específicos.-- _tMarco conceptual.-- _tMarco legal.-- _tÁmbito de aplicación.-- _tPrincipios que lo fundamentan.-- _tRedes.-- _tComponentes del observatorio de justicia y género.-- _tAcciones consecuentes resultantes.-- _tServicios en línea.-- _tMonitoreo y transparencia.-- _tForos de discusión.-- _tServicios diferenciados.-- _tSistema de información en administración de justicia.-- |
|
| 999 |
_c44166 _d44166 |
||